| Поле | Название | Значение |
| |
Тип записи |
a |
| |
Библиографический уровень |
m |
| 001 |
Контрольный номер |
RU/REG73/CBS_GRAD/f2a6fed8e7bb46639a54fb06abd982e1 |
| 005 |
Дата корректировки |
20260413104842.1 |
| 010 |
Индекс ISBN |
__ |
| a |
ISBN |
978-5-91568-012-7 |
| b |
Уточнения |
в пер. |
| d |
Цена |
200 р.00 к. |
| 9 |
Тираж |
500 экз. |
| 100 |
Данные общей обработки |
__ |
| a |
Данные общей обработки |
20260409d2018 u y0rusy0189 ca |
| 101 |
Язык документа |
0_ |
| a |
Язык текста |
rus |
| 102 |
Страна публикации |
__ |
| a |
Страна публикации |
RU |
| 200 |
Заглавие и сведения об ответственности |
1_ |
| a |
Заглавие |
Этнография Симбирского-Ульяновского Поволжья |
| f |
Первые сведения об ответственности |
Е. Ю. Анисимова, З. Г. Баширова |
| g |
Последующие сведения об ответственности |
редактор Л. П. Шабалина |
| 203 |
Вид содержания и тип средства |
__ |
| a |
Вид содержания |
Текст |
| b |
Характеристика содержания |
визуальный |
| c |
Тип средства |
непосредственный |
| 205 |
Сведения об издании |
__ |
| a |
Основные сведения об издании |
изд. 2-е, исправ. |
| 210 |
Выходные данные |
1_ |
| a |
Место издания |
Ульяновск |
| c |
Издательство |
Артишок |
| d |
Дата издания |
2018 |
| 215 |
Физическое описание |
__ |
| a |
Объем |
376 с. |
| d |
Формат |
21 см |
| 606 |
Тематические рубрики |
0_ |
| a |
Основная рубрика |
Народы Поволжья |
| x |
Основная подрубрика |
Этнография |
| 610 |
Ключевые слова |
0_ |
| a |
Ключевые слова |
народы Поволжья история |
| 686 |
Индексы других классификаций |
__ |
| a |
Классификационный индекс |
63.5 |
| 2 |
Код системы |
rubbk |
| 700 |
Автор |
_1 |
| a |
Фамилия |
Анисимова |
| b |
Имя (инициалы) |
Е. Ю. |
| 701 |
Альтернативная интеллектуальная ответственность |
_1 |
| a |
Фамилия |
Баширова |
| b |
Имя (инициалы) |
З. Г. |
| 702 |
Вторичная интеллектуальная ответственность |
_1 |
| a |
Фамилия |
Шабалина |
| b |
Имя (инициалы) |
Л. П. |
| 4 |
Код отношения |
340 |
| 801 |
Источник записи |
_0 |
| a |
Страна |
RU |
| b |
Организация |
RuCBSGrad |
| g |
Правила каталогизации |
PSBO |
| c |
Дата составления |
20260409 |
| 801 |
Источник записи |
_1 |
| a |
Страна |
RU |
| b |
Организация |
RuCBSGrad |
| g |
Правила каталогизации |
PSBO |
| c |
Дата составления |
20260409 |
| 852 |
Данные о местонахождении |
__ |
| a |
Наименование организации |
МБУК ЦБС г. Димитровграда |
| i |
Авторский знак |
Э 91 |
| z |
Тип записи |
R |
| 901 |
Тип документа |
__ |
| t |
Тип документа |
m |
| 909 |
Создатель записи |
__ |
| a |
Создатель записи |
Тенигина |
| b |
Дата создания записи |
20260409 |